000 00475cam a2200193 4500
001 D2758
008 090401t1971 xxu||||| |||| 00| 0 eng d
035 _a(Sirsi) u70452
041 _aeng
050 _a526.9028
100 _aCooper, M. A. R.
245 _aModern theodolites and levels
260 _aLondon
_bCrosby Lockwood & Son
_c1971
300 _a124p. 25cm
350 _a2.25
490 _aAspects of Modern Land Surveying
942 _n0
948 _c04/03/1997
999 _c95329
_d95329